<?xml version="1.0" encoding="UTF-8"?>
<record
    xmlns:xsi="http://www.w3.org/2001/XMLSchema-instance"
    xsi:schemaLocation="http://www.loc.gov/MARC21/slim http://www.loc.gov/standards/marcxml/schema/MARC21slim.xsd"
    xmlns="http://www.loc.gov/MARC21/slim">

  <leader>00510aam a22002171a 4500</leader>
  <datafield tag="999" ind1=" " ind2=" ">
    <subfield code="c">22028</subfield>
    <subfield code="d">22028</subfield>
  </datafield>
  <controlfield tag="001">YPZ91507</controlfield>
  <controlfield tag="003">YPZ</controlfield>
  <controlfield tag="005">20200421110933.0</controlfield>
  <controlfield tag="008">090803|###########||||||b||||||||||spa|d</controlfield>
  <datafield tag="040" ind1=" " ind2=" ">
    <subfield code="c">SIUNPA</subfield>
  </datafield>
  <datafield tag="041" ind1=" " ind2=" ">
    <subfield code="a">spa</subfield>
  </datafield>
  <datafield tag="044" ind1=" " ind2=" ">
    <subfield code="a">ag</subfield>
  </datafield>
  <datafield tag="080" ind1=" " ind2=" ">
    <subfield code="a">347.243 B279l</subfield>
  </datafield>
  <datafield tag="100" ind1=" " ind2=" ">
    <subfield code="a">Barry, Alfredo M..</subfield>
  </datafield>
  <datafield tag="245" ind1=" " ind2=" ">
    <subfield code="a">Leyes agrarias</subfield>
    <subfield code="b">/ Alfredo M. Barry</subfield>
  </datafield>
  <datafield tag="260" ind1=" " ind2=" ">
    <subfield code="a">Buenos Aires</subfield>
    <subfield code="b"> : Plus Ultra</subfield>
    <subfield code="c"> , 1968</subfield>
  </datafield>
  <datafield tag="300" ind1=" " ind2=" ">
    <subfield code="a">2 v.</subfield>
  </datafield>
  <datafield tag="650" ind1=" " ind2=" ">
    <subfield code="a"> DERECHO AGRARIO</subfield>
  </datafield>
  <datafield tag="650" ind1=" " ind2=" ">
    <subfield code="a"> ARGENTINA</subfield>
  </datafield>
  <datafield tag="942" ind1=" " ind2=" ">
    <subfield code="c">BK</subfield>
    <subfield code="2">udc</subfield>
  </datafield>
  <datafield tag="952" ind1=" " ind2=" ">
    <subfield code="0">0</subfield>
    <subfield code="1">0</subfield>
    <subfield code="2">udc</subfield>
    <subfield code="3">2</subfield>
    <subfield code="4">0</subfield>
    <subfield code="5">1</subfield>
    <subfield code="7">-1</subfield>
    <subfield code="8">CG</subfield>
    <subfield code="a">BIB_RECT</subfield>
    <subfield code="b">BIB_UARG</subfield>
    <subfield code="d">2009-08-03</subfield>
    <subfield code="e">Donaci&#xF3;n Barber&#xED;a, Elsa</subfield>
    <subfield code="g">59.00</subfield>
    <subfield code="i">05-38136</subfield>
    <subfield code="o">347.243 B279l</subfield>
    <subfield code="p">05-38136</subfield>
    <subfield code="r">2019-04-03</subfield>
    <subfield code="y">BK</subfield>
  </datafield>
  <datafield tag="952" ind1=" " ind2=" ">
    <subfield code="0">0</subfield>
    <subfield code="1">0</subfield>
    <subfield code="2">udc</subfield>
    <subfield code="3">1</subfield>
    <subfield code="4">0</subfield>
    <subfield code="5">1</subfield>
    <subfield code="7">-1</subfield>
    <subfield code="8">CG</subfield>
    <subfield code="a">BIB_RECT</subfield>
    <subfield code="b">BIB_UARG</subfield>
    <subfield code="d">2009-07-29</subfield>
    <subfield code="e">Donaci&#xF3;n Barber&#xED;a, Elsa</subfield>
    <subfield code="g">49.00</subfield>
    <subfield code="i">05-38202</subfield>
    <subfield code="o">347.243 B279l</subfield>
    <subfield code="p">05-38202</subfield>
    <subfield code="r">2019-04-03</subfield>
    <subfield code="y">BK</subfield>
  </datafield>
</record>
